Art of garnishing

Bibliographic Details
Main Author: Nam, Inja
Other Authors: Schmidt, Arno
Format: Book
Published: New York : Van Nostrand Reinhold , 1993
Subjects:

MARC

LEADER 00000cam a2200000 7i4500
001 0000002933
002 000003174
005 .0
020 |a 0442010842 
090 0 0 |a 641.8   |b NAM 
100 1 |a Nam, Inja 
245 1 0 |a Art of garnishing   |c Inja Nam and Arno Schmidt 
260 |a New York :   |b Van Nostrand Reinhold ,   |c 1993 
300 |a 107p. :   |b ill. ;   |c 25cm. 
650 0 0 |a Garnishes (cookery) 
700 1 |a Schmidt, Arno 
999 |a 036545   |b BUKU   |c PINJAMAN   |e PERPUSTAKAAN KOMUNITI PETALING JAYA 
999 |a 039261   |b BUKU   |c PINJAMAN   |e PERPUSTAKAAN KOMUNITI PETALING JAYA